000 00529nam a22001697a 4500
005 20231115102200.0
008 231115b |||||||| |||| 00| 0 eng d
020 _a9780702132643
041 _aEnglish
082 _a344.1 THO
100 _aThompson, C and Benjamin, P
_lEnglish
245 _aSouth African Labour Law /
_cC Thompson and P Benjamin
260 _aCape Town :
_bJuta and Company Ltd,
_c2022
300 _b238 pages ;
_c26 cm.
650 _aLegal practice
_bLaw
942 _cBK
_6ALISON_BN_VRIES
999 _c667
_d667